000 00730 a2200193 4500
001 54233
005 20260407155813.0
008 260407a1963 arg spa d
003 AR-UNSa-BCEJYS
040 _aAR-UNSa-BCEJYS
_bspa
_cAR-UNSa-BCEJYS
080 _a330.14
_xCapital
245 1 0 _aEl capital financiero
264 1 _aMadrid :
_bTecnos
_c1963
300 _a420 p.
_c24 cm.
505 _a1. Dinero y crédito - 2. La movilización del capital.El capital ficticio - 3. El capital financiero y la limitación de la libre competencia - 4. El capital financiero y la crisis - 5. Sobre la política económica del capital financiero
942 _cBK
590 _aniveau_biblio:m niveau_hierar:0
100 1 _aHilferding, Rudolf
999 _c5404
_d5404